000 03129cam a2200313 4500500
005 20260329013923.0
041 _afre
042 _adc
100 1 0 _aPlanas, Natividad
_eauthor
245 0 0 _aL'agency des étrangers. De l'appartenance locale à l'histoire du monde
260 _c2013.
500 _a48
520 _aDans Three Ways to Be Alien. Travails & Encounters in the Early Modern World (Brandeis University Press, 2011, traduit sous le titre Comment être un étranger. Goa-Ispahan-Venise, Alma, 2013), Sanjay Subrahmanyam interroge, à travers l’étude de trois cas, le parcours d’individus ayant vécu en étrangers dans des contextes transimpériaux, aux confins de l’empire hispano-portugais (Afrique, Inde) et au-delà (Empire Moghol). Simona Cerutti explore, quant à elle, la question de l’ancrage local à Turin entre la fin du XVIIe et le début XVIIIe siècle, dans Étrangers. Étude d’une condition d’incertitude dans une société d’Ancien Régime (Paris, Bayard, 2012). Le thème de l’« étranger », qui est au cœur de ces deux ouvrages, constitue-t-il une préoccupation commune à partir de laquelle le dialogue pourrait être engagé entre histoire locale et l’histoire globale ? La capacité d’agir des acteurs sociaux ( agency) y occupe une place centrale, mais les moyens mis en œuvre par chacun des deux auteurs pour l’appréhender divergent. La présente note critique met en perspective et compare leurs approches.
520 _aForeigners’ agency. From local belonging to global history In Three Ways to Be Alien: Travails & Encounters in the Early Modern World (Waltham, Brandeis University Press, 2011), Sanjay Subrahmanyam studies the life trajectories of three individualswho lived as foreigners in a transimperial context at the edge of the Hispano-Portuguese Empire (Africa, India) and beyond (Mongol Empire) during the Early Modern Period. In her latest book Étrangers. Étude d’une condition d’incertitude dans une société d’Ancien Régime (Paris, Bayard, 2012), Simona Cerutti explores the conditions of local belonging in Turin in the late 17th and early 18th Centuries. Does the “stranger”, a core theme in both works, constitute a common interest and starting point for a dialogue between local and global historians? Subrahmanyam and Cerutti each investigate the agency of social actors but from differing perspectives. The present review compares and considers their divergent approaches.
690 _aappartenance locale
690 _aEmpire hispano-portugais
690 _aEmpire Moghol
690 _ahistoire globale
690 _aTurin
690 _aXVII e-XVIIIe siècles
690 _a17th-18th Centuries
690 _aglobal history
690 _aHispano-portuguese Empire
690 _alocal belonging
690 _aMongol Empire
690 _aTurin
786 0 _nRevue d’histoire moderne & contemporaine | 60-1 | 1 | 2013-04-01 | p. 37-56 | 0048-8003
856 4 1 _uhttps://shs.cairn.info/revue-d-histoire-moderne-et-contemporaine-2013-1-page-37?lang=fr&redirect-ssocas=7080
999 _c1884561
_d1884561